[Event "RSA-chT U12"]
[Site "Cape Town"]
[Date "2016.01.05"]
[Round "4.7"]
[White "Holmes, Daniel"]
[Black "Evetts, Cameron"]
[Result "0-1"]
[WhiteElo "937"]
[BlackElo "1068"]
[PlyCount "102"]
[EventDate "2016.01.04"]
[EventType "team-tourn"]
[EventRounds "7"]
[EventCountry "RSA"]
[SourceTitle "CBM 170 Extra"]
[Source "ChessBase"]
[SourceDate "2016.02.25"]
[SourceVersion "1"]
[SourceVersionDate "2016.02.25"]
[SourceQuality "1"]
[WhiteTeam "Nelson Mandela Bay"]
[BlackTeam "Ethekwini"]
[WhiteTeamCountry "RSA"]
[BlackTeamCountry "RSA"]

1. e4 e5 2. Nf3 Nc6 3. d4 f6 4. dxe5 fxe5 5. Nc3 h6 6. Bc4 Nf6 7. 0-0 Bc5 8. Re1 d6 9. Nd5 Bg4 10. Nxf6+ Qxf6 11. c3 Rf8 12. b4 Bb6 13. Be3 Bxf3 14. gxf3 Qxf3 15. Be2 Qxe4 16. Bxb6 Qg6+ 17. Kf1 Qf7 18. Qd3 axb6 19. Qg3 0-0-0 20. Bg4+ Kb8 21. Kg1 Qf4 22. Qg2 Rf6 23. Re4 Qg5 24. Qg3 Rf4 25. h4 Qg6 26. Rxf4 exf4 27. Qxf4 h5 28. b5 Ne5 29. Qg5 Qxg5 30. hxg5 Nxg4 31. f4 Rf8 32. Re1 Rxf4 33. Re8+ Ka7 34. Re7 Rf5 35. Rxg7 Rxb5 36. c4 Rc5 37. Kg2 Ne3+ 38. Kf2 Nxc4 39. Kg3 Ne5 40. g6 Nxg6 41. Rxg6 d5 42. Rg5 d4 43. Rxh5 Rxh5 44. Kf4 c5 45. Kf3 Re5 46. a4 d3 47. a5 d2 48. axb6+ Kxb6 49. Kf4 d1Q 50. Kxe5 Qd4+ 51. Kf5 Kc6 0-1